000 02322nam a2200421 i 4500
001 193502
003 SpMaBN
005 20250709180433.0
007 ta
008 240103s2008 sp a | |||| 001 0aspa
017 _aB 47308-2008
_bOficina Depósito Legal Barcelona
020 _a9788408082613
035 _a(OCoLC)434266260
035 _aa4384378
040 _aSpMaBN
_bspa
_cSpMaBN
_erdc
_dES-MaACL
080 _a929 Rodríguez Ibarra, Juan Carlos
080 _a32(460.25)
100 0 _aRodríguez Ibarra, Juan Carlos,
_d1948-
_0XX1107916
_998582
_eaut
245 1 0 _aRompiendo cristales :
_btreinta años de vida política /
_cJuan Carlos Rodríguez Ibarra
250 _a1ª ed.
260 _aBarcelona :
_bPlaneta,
_c2008.
300 _a336 p., [32] p. de lám en col. y n. ;
_c24 cm
336 _2rdacontent
_aTexto
337 _2rdamedia
_asin mediación
338 _2rdacarrier
_avolumen
500 _aÍndice
520 _aEl ex presidente de Extremadura lo cuenta todo. Juan Carlos Rodríguez Ibarra ha presidido la Junta de Extremadura durante 24 años y ha sido diputado en el Congreso. Se ha convertido en uno de los políticos más concidos de España por su carácter y su estilo directo de hacer política. En estas memorias cuenta toda su vida política, sin ocultar nada, desde su inicios con Alfonso Guerra y Felipe González hasta sus más recientes relaciones con Maragall y Zapatero. Como él mismo nos cuenta, pudo elegir un camino más fácil, pero a veces, para que te respeten, hay que romper cristales. Estas son unas memorias que no dejarán indiferente a nadie.
600 0 4 _aRodríguez Ibarra, Juan Carlos,
_d1948-
_2embne
_998582
651 7 _aExtremadura
_xPolítica y gobierno
_y1975-1983
_2embne
_9234811
651 7 _aExtremadura
_xPolítica y gobierno
_y1983-2011
_2embne
_9234812
852 _aES-MaACL
_bR.154869
_cDEPOJ
_jN-9643
_hDonación: José Lázaro García
_9200982
_xEncuadernación cartoné con sobrecubiertas
903 _9234219
_aLázaro García, José
_ednr
942 _n0
_cMONOGRAFIA
999 _c193502
_d193502